000 nam a22 7a 4500
999 _c10499
_d10499
008 180217b ||||| |||| 00| 0 eng d
100 _aRao,VK.
_96414
245 _aGeeta Spiral Maths
260 _aNew Delhi
_bGeeta
_c2012